1996 1357 1356 1018 1478 1200 1120 1866 1632 1852 1705 1200 1027 1129 1579 1982 1580 1803 1522 1990 1861 1448 1759 1884 1792 1456 1635 1511 1129 1040 1130 1283 1360 1648 1908 1883 1827 1749 1643 1976 1367 1931 1087 1666 1083 1926 1728 1926 1294 1971 1210 1970 1183 1622 1351 1261 1028 1721 1635 1333 1092 1933 1467 1910 1432 1963 1734 1679 1650 1744 1898 1719 1197 1043 1826 1552 1635 1739 1343 1863 1528 1417 1757 1178 1396 1408 1927 1221 1567 1957 1641 1311 1994 1378 1698 1110 1065 1488 1623 BCNSPRNW ULIB Ver.6.0+V

เปลี่ยนเป็นภาษาไทย

Change to English
 แสดงรายละเอียดบรรณานุกรม
  กลับหน้าหลัก

Brief Record : Get Marc (ISO 2709) : E-mail record : QR code < ปิดหน้าต่าง
LEADER : 00000nam 2200000uu 4500
001    13399114445
003     ULIB
008    110725s||||||||th 000 0 tha d
020    9741328761
020    9789741328765
050  4 H62^bพ648ร
100 0  พิชิต ฤทธิ์จรูญ
245 10 ระเบียบวิธีการวิจัยทางสังคมศาสตร์ /^cพิชิต ฤทธิ์จรูญ
250    พิมพ์ครั้งที่ 4
260    กรุงเทพฯ :^bเฮ้าส์ ออฟ เคอร์มีสท์,^c2551
300    424 หน้า
650  7 วิจัย
650  7 สังคมศาสตร์^xวิจัย
945    ^p280^l0^i031547
995    ทศพร
999 ^a ทศพร
รายการนี้ยังไม่มีแท็ก
คุณยังไม่ได้ล็อกอิน คุณสามารถมีกิจกรรมร่วมกับเว็บไซต์ได้ แต่ต้องล็อกอินก่อน ::
  ล็อกอิน

รายการสื่อสารสนเทศ

ลำดับที่ ประเภท เลขเรียก/บาร์โค้ด สถานที่ สถานะ
- ไม่พบข้อมูล -

รายการใกล้เคียง
    ผู้แต่ง [พิชิต ฤทธิ์จรูญ]

    หัวเรื่อง [วิจัย]

BibComment


ยังไม่เคยถูกคอมเมนท์

คอมเมนท์ทรัพยากรรายการนี้
  คอมเมนท์: ระเบียบวิธีการวิจ..


 Copyright 2026. Bcnsprnw @Library